000 00940cam a2200277 i 4500
001 1336986347
003 OSt
005 20250909113543.0
008 220724s2023 enka b 001 0 eng d
020 _a9780128215654 (Hardcover)
024 _cUSD 150.00
040 _aYDX
_beng
_erda
_cYDX
_dNUST
050 _aQP363.2 VER
100 1 _aVerkhratsky Alexei
_eAuthor
245 1 0 _aNeuroglia :
_bfunction and pathology /
_cAlexei Verkhratsky and Arthur M. Butt.
260 _aUnited Kingdom :
_bAcademic Press,
_c©2023.
300 _axv, 713 pages :
_bIllustrations ;
_c29 cm.
336 _atext
_btxt
_2rdacontent
337 _aunmediated
_bn
_2rdamedia
338 _avolume
_bnc
_2rdacarrier
504 _aIncludes bibliographical references and index.
650 0 _aNeuroglia physiology.
650 0 _aNeuroglia
_xPathophysiology.
700 1 _aButt, Arthur M.
_eAuthor
942 _2lcc
_cBOOKS
_hQP363.2 VER
_kQP
_mVER
_n0
999 _c172360
_d172360